00966cam a22003015a 450000500170000000800390001702000150005604100080007108200150007910000160009424500780011025000220018830000260021049000220023650400270025865000200028565000360030565000420034165000210038365000400040470000340044470000320047826400310051033600270054133700330056833800280060104000350062920220316235841.0110518s1998 sp gr 000 0 spa a843681293X1 aspa04a512bA22a 1 aAbbott, P. 10aÁlgebra cP. Abbott ; traducción, Santiago García y Jesús Pedraza aPrimera edición a363 páginas c21 cm0 aAprende tú solo aIncluye bibliografía14aÁlgebra2LEMB14aTeoría de los números2LEMB14aFactorización (Matemáticas)2LEMB14aEcuaciones2LEMB14aDesigualdades (Matemáticas)2LEMB1 aGarcía, Santiagoetraductor1 aPedraza, Jesúsetraductor aMadrid bPirámide c1998 atextobtxt2rdacontent asin mediaciónbn2rdamedia avolumenbnc2rdacarrier aCO-BoRNBPbspaerdacCO-BoRNBP